<?xml version="1.0" encoding="UTF-8"?>
<collection xmlns="http://www.loc.gov/MARC21/slim">
 <record>
  <leader>05782nam a2200397 a 4500</leader>
  <controlfield tag="001">kal777</controlfield>
  <controlfield tag="003">Gr-AtHEAL</controlfield>
  <controlfield tag="005">20160426114037.0</controlfield>
  <controlfield tag="006">m        d        </controlfield>
  <controlfield tag="008">160413s2015    gr      s           gre|c</controlfield>
  <datafield tag="020" ind1=" " ind2=" ">
   <subfield code="a">9789606032462</subfield>
  </datafield>
  <datafield tag="040" ind1=" " ind2=" ">
   <subfield code="a">GR-AtHEAL</subfield>
   <subfield code="b">gre</subfield>
   <subfield code="c">GR-AtHEAL</subfield>
  </datafield>
  <datafield tag="082" ind1="0" ind2="4">
   <subfield code="a">005</subfield>
   <subfield code="2">23</subfield>
  </datafield>
  <datafield tag="100" ind1="1" ind2=" ">
   <subfield code="a">Σακελλαρίου, Ηλίας.</subfield>
   <subfield code="8">1998</subfield>
  </datafield>
  <datafield tag="245" ind1="1" ind2="0">
   <subfield code="a">Τεχνικές λογικού προγραμματισμού</subfield>
   <subfield code="h">[Ηλεκτρονικός πόρος] </subfield>
   <subfield code="b">Η γλώσσα Prolog</subfield>
   <subfield code="c">Σακελλαρίου, Ηλίας ; κ.α. ; Κριτικός αναγνώστης,Τσαδήρας, Αθανάσιος.</subfield>
  </datafield>
  <datafield tag="260" ind1=" " ind2=" ">
   <subfield code="a">Αθήνα :</subfield>
   <subfield code="b">Σύνδεσμος Ελληνικών Ακαδημαϊκών Βιβλιοθηκών,</subfield>
   <subfield code="c">c2015.</subfield>
  </datafield>
  <datafield tag="490" ind1=" " ind2=" ">
   <subfield code="a">Ακαδημαϊκά Ηλεκτρονικά Συγγράμματα και Βοηθήματα Κάλλιπος</subfield>
   <subfield code="8">40</subfield>
  </datafield>
  <datafield tag="520" ind1=" " ind2=" ">
   <subfield code="a">Ο Λογικός Προγραμματισμός (ΛΠ) ανήκει στις πλέον ενδιαφέρουσες σχολές προγραμματισμού, σημαντικά διαφορετική από τις &quot;κλασικές&quot; σχολές του προστακτικού και του αντικειμενοστραφούς προγραμματισμού. Η χρήση της Μαθηματικής Λογικής ως εργαλείο αφαίρεσης για περιγραφή υπολογισμών και η εκμετάλλευση των αποδεικτικών διαδικασιών της, οδηγούν σε συμπαγή προγράμματα τα οποία βρίσκουν εφαρμογές σε πολύπλοκα και ενδιαφέροντα πεδία, όπως είναι η Τεχνητή Νοημοσύνη και το Σημασιολογίκο Ιστό. Όμως, αυτή η υψηλού επιπέδου προσέγγιση στον προγραμματισμό δημιουργεί προβλήματα σε εκείνους που πρώτη φορά έρχονται σε επαφή με τον ΛΠ , αφενός γιατί απαιτεί να υιοθετήσουν μια δηλωτική προσέγγιση στην ανάπτυξη προγραμμάτων &quot;ξένη&quot; προς αυτή των κυρίαρχων γλωσσών, και αφετέρου, γιατί απαιτείται η εκμάθηση τεχνικών αναπαράστασης και επίλυσης προβλημάτων που αν και είναι γενικά εφαρμόσιμες στον προγραμματισμό, δεν χρησιμοποιούνται συχνά στις υπόλοιπες σχολές, με κλασικό παράδειγμα την αναδρομή. Το παρόν βιβλίο φιλοδοξεί να καλύψει τις παραπάνω απαιτήσεις και να αποτελέσει το βασικό σύγγραμμα για οποιονδήποτε επιθυμεί να εντρυφήσει στην τέχνη και στις τεχνικές του ΛΠ. Έχοντας ως όχημα τον κυριότερο εκπρόσωπο της σχολής ΛΠ, τη γλώσσα Prolog, το βιβλίο έχει στόχο: (α) να αναφέρει σύντομα τα θεωρητικά θεμέλια του ΛΠ, δηλαδή την Κατηγορηματική Λογική Πρώτης Τάξης και την αρχή της ανάλυσης, (β) να παρουσιάσει σε βάθος την γλώσσα προγραμματισμού Prolog, τα διαθέσιμα κατηγορήματα και πως αυτά εντασσόμενα σε τεχνικές ΛΠ προγραμματισμού αποτελούν ισχυρά εργαλεία για την επίλυση προβλημάτων, (γ) να παρουσιάσει εφαρμογές όπως είναι η ανάπτυξη ευφυών συστημάτων στις οποίες ο Λογικός Προγραμματισμός προσφέρει σημαντικά πλεονεκτήματα, και τέλος, (δ) να αναπτύξει προγραμματιστικές δεξιότητες του αναγνώστη, όπως είναι η αναδρομή και η ιεραρχική ανάπτυξη προγραμμάτων, εφαρμόσιμες σε όλες τις σχολές προγραμματισμού.</subfield>
  </datafield>
  <datafield tag="650" ind1=" " ind2="0">
   <subfield code="a">Programming languages (Electronic computers)</subfield>
   <subfield code="8">2528</subfield>
  </datafield>
  <datafield tag="653" ind1=" " ind2=" ">
   <subfield code="a">Αναπαράσταση γνώσης και συλλογιστική</subfield>
  </datafield>
  <datafield tag="653" ind1=" " ind2=" ">
   <subfield code="a">Επεξεργασία συμβόλων</subfield>
  </datafield>
  <datafield tag="653" ind1=" " ind2=" ">
   <subfield code="a">Prolog</subfield>
  </datafield>
  <datafield tag="653" ind1=" " ind2=" ">
   <subfield code="a">Τεχνικές προγραμματισμού</subfield>
  </datafield>
  <datafield tag="653" ind1=" " ind2=" ">
   <subfield code="a">Λογική</subfield>
  </datafield>
  <datafield tag="653" ind1=" " ind2=" ">
   <subfield code="a">Λογικός προγραμματισμός</subfield>
  </datafield>
  <datafield tag="653" ind1=" " ind2=" ">
   <subfield code="a">Επιστήμη υπολογιστών/πληροφορική</subfield>
   <subfield code="a">Ευφυή συστήματα</subfield>
  </datafield>
  <datafield tag="653" ind1=" " ind2=" ">
   <subfield code="a">Επιστήμη υπολογιστών/πληροφορική</subfield>
   <subfield code="a">Γλώσσες προγραμματισμού</subfield>
  </datafield>
  <datafield tag="700" ind1="1" ind2=" ">
   <subfield code="a">Σταμάτης, Δημοσθένης</subfield>
   <subfield code="e">Συγγραφέας</subfield>
   <subfield code="8">1999</subfield>
  </datafield>
  <datafield tag="700" ind1="1" ind2=" ">
   <subfield code="a">Κεφαλάς, Πέτρος</subfield>
   <subfield code="e">Συγγραφέας</subfield>
   <subfield code="8">2000</subfield>
  </datafield>
  <datafield tag="700" ind1="1" ind2=" ">
   <subfield code="a">Βασιλειάδης, Νικόλαος</subfield>
   <subfield code="e">Συγγραφέας</subfield>
   <subfield code="8">2001</subfield>
  </datafield>
  <datafield tag="700" ind1="1" ind2=" ">
   <subfield code="a">Τσαδήρας, Αθανάσιος</subfield>
   <subfield code="e">Κριτικός αναγνώστης</subfield>
   <subfield code="8">2002</subfield>
  </datafield>
  <datafield tag="856" ind1="4" ind2="0">
   <subfield code="u">http://hdl.handle.net/11419/777</subfield>
   <subfield code="z">Πλήρες Κείμενο - Full text</subfield>
  </datafield>
  <datafield tag="907" ind1=" " ind2=" ">
   <subfield code="a">.b25677913</subfield>
   <subfield code="b">12-06-18</subfield>
   <subfield code="c">29-07-16</subfield>
  </datafield>
  <datafield tag="949" ind1=" " ind2=" ">
   <subfield code="0">0</subfield>
   <subfield code="1">0</subfield>
   <subfield code="2">ddc</subfield>
   <subfield code="4">0</subfield>
   <subfield code="6">005_000000000000000_ΣΑΚ</subfield>
   <subfield code="7">0</subfield>
   <subfield code="8">KALL</subfield>
   <subfield code="8">549</subfield>
   <subfield code="d">2016-04-13</subfield>
   <subfield code="r">2016-04-13</subfield>
   <subfield code="w">2016-04-13</subfield>
   <subfield code="z">005 ΣΑΚ</subfield>
   <subfield code="o">SEAB KALLIPOS</subfield>
  </datafield>
  <datafield tag="998" ind1=" " ind2=" ">
   <subfield code="a">80</subfield>
   <subfield code="a">01</subfield>
   <subfield code="a">02</subfield>
   <subfield code="a">03</subfield>
   <subfield code="a">04</subfield>
   <subfield code="a">05</subfield>
   <subfield code="a">06</subfield>
   <subfield code="a">07</subfield>
   <subfield code="a">08</subfield>
   <subfield code="a">09</subfield>
   <subfield code="a">10</subfield>
   <subfield code="a">11</subfield>
   <subfield code="a">12</subfield>
   <subfield code="a">13</subfield>
   <subfield code="a">14</subfield>
   <subfield code="a">15</subfield>
   <subfield code="a">16</subfield>
   <subfield code="a">17</subfield>
   <subfield code="a">18</subfield>
   <subfield code="a">19</subfield>
   <subfield code="a">20</subfield>
   <subfield code="a">21</subfield>
   <subfield code="a">22</subfield>
   <subfield code="a">23</subfield>
   <subfield code="a">24</subfield>
   <subfield code="a">25</subfield>
   <subfield code="a">26</subfield>
   <subfield code="b">11-05-17</subfield>
   <subfield code="c">m</subfield>
   <subfield code="d">z  </subfield>
   <subfield code="e">-</subfield>
   <subfield code="f">gre</subfield>
   <subfield code="g">gr </subfield>
   <subfield code="h">0</subfield>
  </datafield>
  <datafield tag="942" ind1=" " ind2=" ">
   <subfield code="2">ddc</subfield>
   <subfield code="c">KALLIPOS</subfield>
  </datafield>
 </record>
</collection>
